000
00322nam a2200157Ia 4500
100
_a
Vahid Frank
650
_a
Digital Design
942
_c
BK
366
_f
25
245
_a
Digital design
260
_b
Wiley India
_c
2005
082
_a
621.3815
_b
VAH
300
_a
540
546
_a
ENGLISH
_c
PAMPHALETS
999
_c
19870
_d
19870